[Event "FIDE World Bl Team Pool D"]
[Site "London ENG"]
[Date "2025.06.14"]
[Round "1.5"]
[White "Derlich, Sarah Sima"]
[Black "Saduakassova, Dinara"]
[Result "1/2-1/2"]
[WhiteTitle "WCM"]
[BlackTitle "IM"]
[WhiteElo "1926"]
[BlackElo "2435"]
[WhiteTeam "Danish Futures"]
[BlackTeam "Hetman GKS Katowice"]
[WhiteFideId "1469290"]
[BlackFideId "13700090"]
[EventDate "2025.06.14"]
[EventType "team"]

1. e4 e5 2. Nf3 Nc6 3. Bc4 Bc5 4. O-O Nf6 5. d3 d6 6. c3 a5 7. Bb3 h6 8. Re1 O-O
9. Nbd2 Be6 10. Bc2 Bb6 11. Nf1 Re8 12. h3 d5 13. exd5 Bxd5 14. Be3 Bxe3 15.
Nxe3 Be6 16. Nf1 Qd6 17. Ng3 Rad8 18. Ne4 Nxe4 19. dxe4 Qxd1 20. Rexd1 Rxd1+ 21.
Rxd1 f6 22. Bb3 Bxb3 23. axb3 Rd8 24. Rd5 Kf7 25. Kf1 Ke6 26. c4 b6 27. Ke2 Rd6
28. Rxd6+ Kxd6 29. Kd3 Kc5 30. Kc3 Nd8 31. Nh4 Ne6 32. Nf5 c6 33. g3 b5 34. cxb5
cxb5 35. Ne3 Nd4 36. Nf5 Nxf5 37. exf5 Kd5 38. Kd3 b4 39. f3 h5 40. h4 Kc5 41.
Ke3 Kb5 42. Kd3 Kc5 43. Ke3 Kd5 44. Kd3 Kc5 45. Ke3 Kd5 46. Kd3 Kc5 47. Ke3 Kb5
48. Kd3 Kc5 49. Ke3 1/2-1/2

[Event "FIDE World Bl Team Pool D"]
[Site "London ENG"]
[Date "2025.06.14"]
[Round "1.6"]
[White "Smolinski, Wojciech"]
[Black "Andries, Leia"]
[Result "1-0"]
[WhiteElo "1987"]
[BlackElo "1830"]
[WhiteTeam "Hetman GKS Katowice"]
[BlackTeam "Danish Futures"]
[WhiteFideId "21088683"]
[BlackFideId "1469207"]
[EventDate "2025.06.14"]
[EventType "team"]

1. e4 c5 2. Nf3 Nc6 3. d4 cxd4 4. Nxd4 Nf6 5. Nc3 e6 6. a3 Be7 7. Be2 d5 8. exd5
Nxd5 9. Nxd5 Qxd5 10. Nxc6 Qxc6 11. O-O O-O 12. Bd3 Qd5 13. Qe2 Qd7 14. Bf4 Bd6
15. Rad1 e5 16. Bxe5 Re8 17. f4 f6 18. Bc4+ Kh8 19. Rxd6 Qxd6 20. Bxd6 Rxe2 21.
Bxe2 Bf5 22. Bf3 Rd8 23. Bb4 b6 24. Rd1 Re8 25. Bc6 Rc8 26. Bb7 Re8 27. c4 h6
28. Kf2 a5 29. Bc3 Re7 30. Bd5 Rc7 31. Bd4 b5 32. cxb5 Rd7 33. Bf3 Rd8 34. Bc3
Rb8 35. a4 Bc2 36. Rd4 Bb3 37. Bxa5 Re8 38. Rd8 Rxd8 39. Bxd8 Kg8 40. b6 1-0

[Event "FIDE World Bl Team Pool D"]
[Site "London ENG"]
[Date "2025.06.14"]
[Round "2.1"]
[White "Grischuk, Alexander"]
[Black "Navara, David"]
[Result "1/2-1/2"]
[WhiteTitle "GM"]
[BlackTitle "GM"]
[WhiteElo "2667"]
[BlackElo "2657"]
[WhiteTeam "KazChess"]
[BlackTeam "Hetman GKS Katowice"]
[WhiteFideId "4126025"]
[BlackFideId "309095"]
[EventDate "2025.06.14"]
[EventType "team"]

1. e4 c5 2. Nc3 d6 3. d4 cxd4 4. Qxd4 Nc6 5. Qd2 g6 6. b3 Bh6 7. f4 Nf6 8. Bb2
e5 9. g3 Nd4 10. O-O-O O-O 11. Nge2 Bg4 12. Bg2 Nxe2+ 13. Nxe2 exf4 14. Kb1 Re8
15. Rde1 f3 16. Qxh6 fxg2 17. Rhg1 Rxe4 18. Nf4 Bf3 19. Rxe4 Bxe4 20. Nxg2 d5
21. Bd4 Rc8 22. Ne3 Ne8 23. Kb2 Qd7 24. Rf1 Qe6 25. Rf2 f6 26. h3 Rc7 27. g4 b6
28. Qf4 Qd6 29. Qxd6 Nxd6 30. Rxf6 Nb5 31. Be5 Re7 32. Bb8 Re8 33. Bf4 Rf8 34.
Rxf8+ Kxf8 35. a4 Nd4 36. c4 dxc4 37. Nxc4 Ke7 38. Be3 Nc6 39. Kc3 Ke6 40. Bf4
Bg2 41. h4 Bf3 42. g5 Bd5 43. Ne3 a6 44. b4 b5 45. a5 Be4 46. Bg3 Bf3 47. Bf4
Be2 1/2-1/2

[Event "FIDE World Bl Team Pool D"]
[Site "London ENG"]
[Date "2025.06.14"]
[Round "2.2"]
[White "Klimkowski, Jan"]
[Black "Rapport, Richard"]
[Result "0-1"]
[WhiteTitle "GM"]
[BlackTitle "GM"]
[WhiteElo "2508"]
[BlackElo "2714"]
[WhiteTeam "Hetman GKS Katowice"]
[BlackTeam "KazChess"]
[WhiteFideId "21856222"]
[BlackFideId "738590"]
[EventDate "2025.06.14"]
[EventType "team"]

1. d4 Nf6 2. c4 g6 3. Nc3 Bg7 4. e4 d6 5. Be2 O-O 6. Be3 Na6 7. h4 h5 8. f3 c6
9. Qd2 Nc7 10. Nh3 Bxh3 11. Rxh3 a6 12. g4 Qc8 13. Rg3 e5 14. d5 cxd5 15. cxd5
hxg4 16. fxg4 Nb5 17. Qd3 Nxc3 18. bxc3 Nxe4 19. Qxe4 Qxc3+ 20. Kf2 Qxa1 21. h5
Rac8 0-1

[Event "FIDE World Bl Team Pool D"]
[Site "London ENG"]
[Date "2025.06.14"]
[Round "2.3"]
[White "Esipenko, Andrey"]
[Black "Seemann, Jakub"]
[Result "1-0"]
[WhiteTitle "GM"]
[BlackTitle "IM"]
[WhiteElo "2689"]
[BlackElo "2450"]
[WhiteTeam "KazChess"]
[BlackTeam "Hetman GKS Katowice"]
[WhiteFideId "24175439"]
[BlackFideId "21874697"]
[EventDate "2025.06.14"]
[EventType "team"]

1. d4 Nf6 2. Nf3 d5 3. g3 e6 4. Bg2 b5 5. O-O Be7 6. a4 b4 7. c4 bxc3 8. bxc3
O-O 9. c4 c6 10. Nbd2 Nbd7 11. Bb2 Ba6 12. c5 Qc7 13. Re1 e5 14. e4 exd4 15.
exd5 Nxc5 16. Nxd4 Nd3 17. Rxe7 Qxe7 18. Nxc6 Qc5 19. Bd4 Qd6 20. Ne4 Nxe4 21.
Bxe4 Rfe8 22. Qg4 f6 23. Qh4 Rxe4 24. Qxe4 Bc4 25. Rd1 Rd8 1-0

[Event "FIDE World Bl Team Pool D"]
[Site "London ENG"]
[Date "2025.06.14"]
[Round "2.4"]
[White "Cieslak, Patryk"]
[Black "Sadvakasov, Darmen"]
[Result "0-1"]
[WhiteTitle "FM"]
[BlackTitle "GM"]
[WhiteElo "2442"]
[BlackElo "2629"]
[WhiteTeam "Hetman GKS Katowice"]
[BlackTeam "KazChess"]
[WhiteFideId "21078882"]
[BlackFideId "13700464"]
[EventDate "2025.06.14"]
[EventType "team"]

1. e4 c5 2. Nf3 d6 3. d4 cxd4 4. Nxd4 Nf6 5. Nc3 a6 6. Be3 e5 7. Nb3 Be6 8. h3
Nbd7 9. Qf3 Rc8 10. O-O-O Be7 11. g4 Rxc3 12. bxc3 Qc7 13. g5 Ng8 14. Kb2 Bd8
15. h4 Ne7 16. Bh3 Bxh3 17. Rxh3 O-O 18. h5 Nc8 19. g6 Ncb6 20. gxh7+ Kxh7 21.
Bc1 Bf6 22. Kb1 Rc8 23. Bd2 Nc4 24. Bc1 a5 25. Nd2 Nxd2+ 26. Rxd2 b5 27. Qf5+
Kh8 28. Rhd3 Nc5 29. Rxd6 Na4 30. R6d3 Nxc3+ 31. Rxc3 Qxc3 32. h6 Kg8 33. hxg7
Bxg7 34. Qg5 b4 35. Qe3 Qc4 36. Re2 a4 37. Qd3 Qc5 38. Be3 Qc6 39. Qd5 Qa6 40.
Qd3 Qg6 41. Re1 Qc6 42. f3 Rb8 43. Rg1 Kf8 44. Qd5 Qxd5 45. exd5 Rb5 46. d6 Bf6
47. Rd1 Ke8 48. d7+ Kd8 49. Rd3 Rb7 50. Bc5 Rxd7 51. Bxb4 Rxd3 52. cxd3 Kd7 53.
Kc2 Kc6 54. Bc3 Kd5 55. Bb2 Be7 56. Bc3 f5 57. Bd2 Bc5 58. Bc3 Bd6 59. Kb2 Be7
60. Kb1 Bc5 61. Kc2 Bd6 62. Bd2 Bc5 63. Kc3 Bd6 64. Bh6 Bc5 65. Bg7 Bd6 66. Bf6
Bc5 67. Bd8 Bd6 68. Bb6 Kc6 69. Be3 Kb5 70. Bg5 Bb4+ 71. Kc2 Kc6 72. Be3 Kd5 73.
Bf2 Bc5 74. Be1 Kd4 75. Bc3+ Ke3 76. Bxe5 Kxf3 77. Kc3 f4 78. Kc4 Be7 79. Kd4
Bg5 80. Bc7 Ke2 81. Kc4 f3 82. Bg3 Be3 83. Kb4 Bf2 84. Bf4 Bh4 0-1

[Event "FIDE World Bl Team Pool D"]
[Site "London ENG"]
[Date "2025.06.14"]
[Round "2.5"]
[White "Kamalidenova, Meruert"]
[Black "Tsatsalashvili, Keti"]
[Result "1/2-1/2"]
[WhiteTitle "IM"]
[BlackTitle "WGM"]
[WhiteElo "2330"]
[BlackElo "2305"]
[WhiteTeam "KazChess"]
[BlackTeam "Hetman GKS Katowice"]
[WhiteFideId "13712802"]
[BlackFideId "13603434"]
[EventDate "2025.06.14"]
[EventType "team"]

1. e4 c5 2. Nf3 d6 3. d4 cxd4 4. Nxd4 Nf6 5. Bd3 Nc6 6. Nxc6 bxc6 7. O-O e6 8.
c4 Be7 9. Nc3 O-O 10. b3 Bb7 11. Qe2 d5 12. exd5 cxd5 13. cxd5 Nxd5 14. Ne4 Nb4
15. Rd1 Nxd3 16. Rxd3 Ba6 17. Rxd8 Bxe2 18. Rxa8 Rxa8 19. Be3 a6 20. f3 Bb5 21.
Rc1 f5 22. Nc3 Bd7 23. Ne2 Rc8 24. Rd1 Be8 25. Nd4 Kf7 26. f4 Rc3 27. Kf2 h6 28.
Nf3 Bf6 29. Rd2 Bc6 30. Bd4 Rc1 31. Bxf6 Kxf6 32. Ne5 Bd5 33. Ke3 g5 34. g3
gxf4+ 35. gxf4 Re1+ 36. Kd3 Rf1 37. Ke3 Re1+ 38. Re2 Rf1 39. Rf2 Re1+ 40. Kd4
Rc1 41. Nd7+ Ke7 42. Nc5 a5 43. Nd3 Rd1 44. Ke3 Kd6 45. Rd2 Rf1 46. Rf2 Rd1 47.
Rd2 Rf1 48. Nf2 Rc1 49. Nd3 Rf1 50. Kd4 Be4 51. Nb2 Bd5 52. Nd3 Be4 53. Nb2 Bd5
54. Nd3 Be4 55. Nb2 1/2-1/2

[Event "FIDE World Bl Team Pool D"]
[Site "London ENG"]
[Date "2025.06.14"]
[Round "2.6"]
[White "Smolinski, Wojciech"]
[Black "Aiten, Islam"]
[Result "1-0"]
[WhiteElo "1987"]
[BlackElo "1950"]
[WhiteTeam "Hetman GKS Katowice"]
[BlackTeam "KazChess"]
[WhiteFideId "21088683"]
[BlackFideId "13749420"]
[EventDate "2025.06.14"]
[EventType "team"]

1. e4 e5 2. Nf3 Nc6 3. Bc4 Nf6 4. d3 h6 5. c3 d6 6. a4 g5 7. h3 Bg7 8. O-O O-O
9. Re1 d5 10. exd5 Nxd5 11. Nbd2 Be6 12. Ne4 Qe7 13. Qc2 f5 14. Ng3 Qf7 15. Bb5
f4 16. Ne4 Qh5 17. Qe2 g4 18. hxg4 Bxg4 19. Bc4 Ne7 20. Nc5 Kh8 21. Qe4 Nf6 22.
Qxe5 Bxf3 23. Qxh5 Bxh5 24. Rxe7 Rfe8 25. Rxe8+ Rxe8 26. Bxf4 b6 27. Ne6 c5 28.
Nxg7 Kxg7 29. Be3 Ng4 30. Re1 Bg6 31. b4 Rc8 32. bxc5 Nxe3 33. Rxe3 Rxc5 34.
Re7+ Kf6 35. Re6+ Kg5 36. f4+ Kf5 37. g4+ Kxg4 38. Rxg6+ Kxf4 39. Rxh6 Rg5+ 40.
Kf2 Rg7 41. Rf6+ Ke5 42. Rf7 Rg4 43. Rxa7 Rf4+ 44. Ke3 Rf1 45. Ra6 Rb1 46. Bb5
Re1+ 47. Kd2 Rh1 48. Rxb6 Kf5 49. Bc6 Ra1 50. Be4+ Ke5 51. Rb4 Kd6 52. Ke3 Kc5
53. Rc4+ Kd6 54. Kd4 Rg1 55. a5 Ra1 56. Rc5 Ra4+ 57. c4 Ra1 58. Rc6+ Kd7 59. Kc5
Ra3 60. Kb6 Rb3+ 61. Ka6 Ra3 62. Rc5 Ra1 63. Rb5 Kd6 64. Kb6 Ra3 65. a6 Kd7 66.
a7 1-0

[Event "FIDE World Bl Team Pool D"]
[Site "London ENG"]
[Date "2025.06.14"]
[Round "2.1"]
[White "Orozbaev, Eldiyar"]
[Black "Skytte, Rasmus"]
[Result "1-0"]
[WhiteTitle "IM"]
[BlackTitle "IM"]
[WhiteElo "2367"]
[BlackElo "2367"]
[WhiteTeam "Noval Group Kyrgyzstan"]
[BlackTeam "Danish Futures"]
[WhiteFideId "13802240"]
[BlackFideId "1404210"]
[EventDate "2025.06.14"]
[EventType "team"]

1. e4 d5 2. exd5 Qxd5 3. Nc3 Qa5 4. Bc4 Nf6 5. d3 c6 6. Bd2 Qc7 7. Nf3 Bg4 8. h3
Bxf3 9. Qxf3 e6 10. O-O-O Nbd7 11. Rhe1 Be7 12. Bf4 Qa5 13. Kb1 O-O 14. Bb3 Bb4
15. Bd2 Nd5 16. Bxd5 cxd5 17. a3 Bxa3 18. bxa3 Qxa3 19. Na2 Rfc8 20. Bc1 Qa4 21.
Rd2 Rc6 22. Bb2 Rb6 23. Nc1 a5 24. Qg4 d4 25. Nb3 Rb4 26. Bxd4 e5 27. Rde2 Nf6
28. Qf5 exd4 29. g4 Rxb3+ 30. cxb3 Qxb3+ 31. Rb2 Qc3 32. Rc1 Qa3 33. g5 Nh5 34.
Rc8+ Rxc8 35. Qxc8+ Qf8 36. Qd7 h6 37. gxh6 gxh6 38. Qg4+ Ng7 39. Qxd4 Qe7 40.
Qe4 Qg5 41. d4 a4 42. Rc2 f5 43. Qd5+ Kh7 44. Qc4 a3 45. Ka2 Qh4 46. d5 Qxh3 47.
d6 Qh1 48. Qd4 Qf3 49. d7 Ne6 50. d8=Q Nxd4 51. Qxd4 1-0

[Event "FIDE World Bl Team Pool D"]
[Site "London ENG"]
[Date "2025.06.14"]
[Round "2.2"]
[White "Kistrup, Nicolai"]
[Black "Sharshenbekov, Emir"]
[Result "1/2-1/2"]
[WhiteTitle "IM"]
[BlackTitle "CM"]
[WhiteElo "2381"]
[BlackElo "2091"]
[WhiteTeam "Danish Futures"]
[BlackTeam "Noval Group Kyrgyzstan"]
[WhiteFideId "1444816"]
[BlackFideId "13810634"]
[EventDate "2025.06.14"]
[EventType "team"]

1. e4 e5 2. Nf3 Nf6 3. d4 Nxe4 4. Bd3 d5 5. Nxe5 Bd6 6. O-O O-O 7. c4 Bxe5 8.
dxe5 Nc6 9. cxd5 Qxd5 10. Qf3 f5 11. exf6 Nxf6 12. Qxd5+ Nxd5 13. Bc4 Be6 14.
Nc3 Nf4 15. Bxe6+ Nxe6 16. Be3 Rad8 17. Rad1 Ncd4 18. Rd2 a6 19. Rfd1 Nf5 20.
Rxd8 Rxd8 21. Rxd8+ Nxd8 22. Bf4 Ne6 23. Be5 Kf7 24. Kf1 Ne7 25. Ke2 Kg6 26. h3
Kf5 27. Bh2 h5 28. Kf3 Ng5+ 29. Ke3 c6 30. f3 Ke6 31. g4 Nxh3 32. gxh5 Kf5 33.
Ne4 Nd5+ 34. Kd4 Ng5 35. Nd6+ Ke6 36. Nxb7 Nxf3+ 37. Kc5 Nxh2 38. Kxc6 Nb4+ 39.
Kb6 Nxa2 40. Kxa6 Nb4+ 41. Kb5 Nd5 42. Kc4 Nf4 43. Nc5+ Kf5 44. b4 Nf3 45. b5
Ne5+ 46. Kd4 Ne6+ 47. Nxe6 Kxe6 48. Ke4 Nd7 49. Kf4 Kf6 50. Kg4 Nb6 51. Kf4 Nc4
52. Kg4 Ne3+ 53. Kf4 Nd5+ 54. Kg4 Nb6 55. Kf4 Na4 56. Kg4 Nc5 57. Kf4 Nd7 58.
Kg4 Nf8 59. Kf4 Ne6+ 60. Kg4 Nc5 61. b6 Nb7 62. Kf4 Nd6 63. Kg4 Nb7 64. Kf4 Nc5
65. Kg4 Nb7 66. Kf4 Nd8 67. Kg4 Nb7 68. Kf4 1/2-1/2

[Event "FIDE World Bl Team Pool D"]
[Site "London ENG"]
[Date "2025.06.14"]
[Round "2.3"]
[White "Degenbaev, Aziz"]
[Black "Nilssen, Ellen Fredericia"]
[Result "0-1"]
[WhiteTitle "FM"]
[BlackTitle "WIM"]
[WhiteElo "2286"]
[BlackElo "2160"]
[WhiteTeam "Noval Group Kyrgyzstan"]
[BlackTeam "Danish Futures"]
[WhiteFideId "13802640"]
[BlackFideId "1441230"]
[EventDate "2025.06.14"]
[EventType "team"]

1. e4 e6 2. d4 d5 3. Nc3 Bb4 4. Qd3 dxe4 5. Qxe4 Nf6 6. Qh4 Nc6 7. Ne2 Ne7 8. f3
b6 9. Bd2 Bb7 10. O-O-O Nf5 11. Qf2 Qe7 12. Rg1 h5 13. Bg5 O-O-O 14. h4 Qd6 15.
Bxf6 gxf6 16. Ne4 Qe7 17. Kb1 Kb8 18. a3 Bd6 19. Nxd6 Rxd6 20. Nc1 Rhd8 21. c3
c5 22. g4 Ng7 23. Be2 cxd4 24. cxd4 Qd7 25. Nb3 Qa4 26. Qe3 Bd5 27. Nd2 Bb7 28.
Nc4 Rc6 29. Qf4+ Ka8 30. Qxf6 Rg8 31. gxh5 Rxc4 32. Bxc4 Qxc4 33. Rxg7 Rc8 34.
Rg2 Bd5 35. b3 Qxb3+ 0-1

[Event "FIDE World Bl Team Pool D"]
[Site "London ENG"]
[Date "2025.06.14"]
[Round "2.4"]
[White "Skytte, Robert"]
[Black "Zhakshylykov, Erzhan"]
[Result "0-1"]
[WhiteTitle "CM"]
[BlackTitle "IM"]
[WhiteElo "2015"]
[BlackElo "2362"]
[WhiteTeam "Danish Futures"]
[BlackTeam "Noval Group Kyrgyzstan"]
[WhiteFideId "1471775"]
[BlackFideId "13804111"]
[EventDate "2025.06.14"]
[EventType "team"]

1. e4 e5 2. Nf3 Nc6 3. Bc4 Nf6 4. Ng5 d5 5. exd5 Na5 6. d3 h6 7. Nf3 e4 8. Nd4
exd3 9. Qxd3 Nxc4 10. Qxc4 Qxd5 11. Qxd5 Nxd5 12. O-O Bc5 13. Re1+ Kf8 14. Nb3
Bb4 15. c3 Be7 16. N1d2 Bf5 17. Nd4 Bg6 18. N2f3 c5 19. Nb3 Re8 20. a3 f6 21. c4
Nb6 22. Be3 Na4 0-1

[Event "FIDE World Bl Team Pool D"]
[Site "London ENG"]
[Date "2025.06.14"]
[Round "2.5"]
[White "Lesbekova, Assel"]
[Black "Derlich, Sarah Sima"]
[Result "1-0"]
[WhiteTitle "WCM"]
[BlackTitle "WCM"]
[WhiteElo "1948"]
[BlackElo "1926"]
[WhiteTeam "Noval Group Kyrgyzstan"]
[BlackTeam "Danish Futures"]
[WhiteFideId "13713248"]
[BlackFideId "1469290"]
[EventDate "2025.06.14"]
[EventType "team"]

1. d4 d5 2. Bf4 c5 3. e3 Nc6 4. Nf3 cxd4 5. exd4 Bg4 6. c3 e6 7. Nbd2 Bd6 8. Bg3
Nf6 9. Qb3 Qd7 10. Bxd6 Qxd6 11. Qxb7 O-O 12. Qa6 Rfb8 13. b3 Ne4 14. Nxe4 dxe4
15. Ne5 Rb6 16. Nc4 Rxa6 17. Nxd6 Rb6 18. Nxe4 e5 19. d5 Ne7 20. c4 Bf5 21. Ng3
Bg6 22. h4 h5 23. Be2 Nf5 24. Nxf5 Bxf5 25. Bxh5 g6 26. Be2 e4 27. Kd2 a5 28. c5
Rb7 29. c6 Rb6 30. Kc3 Rd8 31. Rhd1 Kg7 32. a4 Bc8 33. Bb5 Bf5 34. d6 Be6 35. d7 1-0

[Event "FIDE World Bl Team Pool D"]
[Site "London ENG"]
[Date "2025.06.14"]
[Round "2.6"]
[White "Andries, Leia"]
[Black "Zhunusbekova, Aimonchok"]
[Result "0-1"]
[WhiteElo "1830"]
[BlackElo "1890"]
[WhiteTeam "Danish Futures"]
[BlackTeam "Noval Group Kyrgyzstan"]
[WhiteFideId "1469207"]
[BlackFideId "13810251"]
[EventDate "2025.06.14"]
[EventType "team"]

1. e4 e6 2. d4 d5 3. e5 c5 4. c3 Nc6 5. Nf3 Nge7 6. Na3 Nf5 7. Nc2 Be7 8. Bd3
Nh4 9. O-O Qb6 10. Be2 Nxf3+ 11. Bxf3 O-O 12. dxc5 Bxc5 13. Qe2 Qc7 14. Bf4 a6
15. Bg3 b5 16. Rfe1 Bb7 17. Qd2 Be7 18. Qf4 a5 19. Qg4 Rfd8 20. Nd4 b4 21. Nxc6
Bxc6 22. cxb4 Bxb4 23. Rec1 Qb7 24. a3 Be7 25. Rab1 Bb5 26. Be2 Bc6 27. Bd3 Bb5
28. Bxb5 Qxb5 29. Rc3 Rac8 30. Rxc8 Rxc8 31. h3 Qd3 32. Rf1 Rc2 33. b4 axb4 34.
axb4 Rc4 35. f4 Rxb4 36. Rf3 Bc5+ 37. Kh2 Qd1 38. Qh4 Rb1 39. Bf2 Bf8 40. Qg4 d4
41. Kg3 d3 42. Re3 Qxg4+ 43. hxg4 d2 44. Rd3 d1=Q 45. Rxd1 Rxd1 46. Kh4 Be7+ 47.
g5 f6 48. exf6 gxf6 49. Kg4 fxg5 50. fxg5 Rd5 51. Be3 Kf7 52. Kh5 Bc5 53. Bf4
Rf5 54. g3 e5 55. Bc1 Rf1 56. Bd2 e4 0-1

[Event "FIDE World Bl Team Pool D"]
[Site "London ENG"]
[Date "2025.06.14"]
[Round "2.1"]
[White "Kohlmann, Robert"]
[Black "Erigaisi, Arjun"]
[Result "0-1"]
[BlackTitle "GM"]
[WhiteElo "2026"]
[BlackElo "2782"]
[WhiteTeam "REY AHOGADO"]
[BlackTeam "Team MGD1"]
[WhiteFideId "14900467"]
[BlackFideId "35009192"]
[EventDate "2025.06.14"]
[EventType "team"]

1. e4 c6 2. d3 d5 3. Nd2 g6 4. g3 Bg7 5. Bg2 e5 6. Ngf3 Ne7 7. O-O O-O 8. c3 h6
9. Re1 Qc7 10. Qe2 Re8 11. h3 Be6 12. Nf1 Nd7 13. Be3 f5 14. Qd2 Kh7 15. Nh4 f4
16. gxf4 d4 17. f5 dxe3 18. Nxe3 Bf7 19. Ng4 Nf6 20. Nf3 gxf5 21. Ngxe5 Bh5 22.
exf5 Nxf5 23. d4 Nd6 24. Qd3+ Kg8 25. Nh4 Rad8 26. Qc2 Nf7 27. Qb3 Nd5 28. f4
Nxf4 29. Nf5 Bxe5 30. dxe5 Qb6+ 31. Kh1 Qxb3 32. axb3 Rd2 0-1

[Event "FIDE World Bl Team Pool D"]
[Site "London ENG"]
[Date "2025.06.14"]
[Round "2.2"]
[White "Harikrishna, Pentala"]
[Black "Medal Paves, Jose Maria"]
[Result "1-0"]
[WhiteTitle "GM"]
[WhiteElo "2707"]
[BlackElo "1968"]
[WhiteTeam "Team MGD1"]
[BlackTeam "REY AHOGADO"]
[WhiteFideId "5007003"]
[BlackFideId "24501492"]
[EventDate "2025.06.14"]
[EventType "team"]

1. e4 e5 2. Nf3 Nc6 3. Bc4 Be7 4. O-O Nf6 5. d4 d6 6. Nc3 Bg4 7. dxe5 Nxe5 8.
Be2 Nxf3+ 9. Bxf3 Bxf3 10. Qxf3 O-O 11. Bf4 Nd7 12. Nd5 Ne5 13. Bxe5 dxe5 14.
Rad1 Bd6 15. Rd3 Qg5 16. Rfd1 f5 17. Ne3 fxe4 18. Qxe4 Qf4 19. Qc4+ Kh8 20. Qxf4
Rxf4 21. Nd5 Rff8 22. Nc3 Bc5 23. Ne4 Bb6 24. g3 h6 25. Kg2 Rf7 26. Rd8+ Rxd8
27. Rxd8+ Kh7 28. c3 c6 29. Re8 Bc7 30. Nc5 Bb6 31. Ne4 Bc7 32. h4 a6 33. h5 g6
34. hxg6+ Kxg6 35. g4 Rf4 36. f3 Kf7 37. Rc8 Bb6 38. Rb8 1-0

[Event "FIDE World Bl Team Pool D"]
[Site "London ENG"]
[Date "2025.06.14"]
[Round "2.3"]
[White "Schneider Sanchez, Carlos D."]
[Black "Pranav, V"]
[Result "0-1"]
[BlackTitle "GM"]
[WhiteElo "2003"]
[BlackElo "2595"]
[WhiteTeam "REY AHOGADO"]
[BlackTeam "Team MGD1"]
[WhiteFideId "22230440"]
[BlackFideId "25060783"]
[EventDate "2025.06.14"]
[EventType "team"]

1. Nf3 Nf6 2. d4 e6 3. c4 Bb4+ 4. Nbd2 b6 5. g3 Ba6 6. Qc2 Bb7 7. Bg2 O-O 8. O-O
Bxd2 9. Bxd2 d6 10. Rfe1 Be4 11. Qb3 Nc6 12. Bc3 a5 13. Nd2 Bxg2 14. Kxg2 e5 15.
dxe5 Nxe5 16. Rad1 Qe8 17. Bxe5 Qxe5 18. Nf3 Qc5 19. Qd3 Rfe8 20. Qd4 Qc6 21.
Kg1 Re4 22. Qd3 Qxc4 23. Qb1 Rxe2 24. Rc1 Rxe1+ 25. Rxe1 h6 26. b3 Qd5 27. Re3
Re8 28. Rxe8+ Nxe8 29. Ne1 Nf6 30. Qc2 c5 31. Ng2 Qe4 32. Qd2 Ng4 33. Ne3 Nxe3 0-1

[Event "FIDE World Bl Team Pool D"]
[Site "London ENG"]
[Date "2025.06.14"]
[Round "2.4"]
[White "Mendonca, Leon Luke"]
[Black "Cujba, Anca-Claudia"]
[Result "1-0"]
[WhiteTitle "GM"]
[WhiteElo "2603"]
[BlackElo "1741"]
[WhiteTeam "Team MGD1"]
[BlackTeam "REY AHOGADO"]
[WhiteFideId "35028561"]
[BlackFideId "1215612"]
[EventDate "2025.06.14"]
[EventType "team"]

1. Nf3 Nf6 2. c4 g6 3. b3 Bg7 4. Bb2 d6 5. e3 e5 6. d4 Qe7 7. Be2 O-O 8. O-O Ne4
9. Nc3 Nxc3 10. Bxc3 e4 11. Nd2 f5 12. Qc2 Nc6 13. b4 g5 14. b5 Nd8 15. f3 exf3
16. Bxf3 Qxe3+ 17. Kh1 Qe7 18. Rae1 Qf6 19. Bd5+ Kh8 20. a4 c6 21. Bf3 c5 22.
Nb3 Rf7 23. Ba1 Qg6 24. dxc5 g4 25. Re8+ 1-0

[Event "FIDE World Bl Team Pool D"]
[Site "London ENG"]
[Date "2025.06.14"]
[Round "2.5"]
[White "Heimbaecher, Peter"]
[Black "Tsolakidou, Stavroula"]
[Result "0-1"]
[BlackTitle "IM"]
[WhiteElo "1804"]
[BlackElo "2428"]
[WhiteTeam "REY AHOGADO"]
[BlackTeam "Team MGD1"]
[WhiteFideId "24617431"]
[BlackFideId "4264312"]
[EventDate "2025.06.14"]
[EventType "team"]

1. e4 c5 2. Nf3 d6 3. d4 cxd4 4. c3 Nf6 5. e5 dxe5 6. Nxe5 e6 7. Bb5+ Nbd7 8.
cxd4 Bb4+ 9. Bd2 Bxd2+ 10. Nxd2 O-O 11. Nxd7 Bxd7 12. Bd3 Bc6 13. O-O Qd6 14. d5
Qxd5 15. Nf3 Qd4 16. h3 Qf4 17. Be2 Rfd8 18. Qc1 Qe4 19. Re1 Rac8 20. Qg5 h6 21.
Qe3 Qxe3 22. fxe3 Nd5 23. e4 Nb4 24. Rac1 Bxe4 25. a3 Nd5 26. Nd2 Rxc1 27. Rxc1
Nf4 28. Bf3 Bxf3 29. Nxf3 Ne2+ 30. Kf2 Nxc1 0-1

[Event "FIDE World Bl Team Pool D"]
[Site "London ENG"]
[Date "2025.06.14"]
[Round "2.1"]
[White "Nogerbek, Kazybek"]
[Black "Grahn, Vidar"]
[Result "1-0"]
[WhiteTitle "GM"]
[BlackTitle "FM"]
[WhiteElo "2538"]
[BlackElo "2239"]
[WhiteTeam "Barys.kz"]
[BlackTeam "Uppsala SSS"]
[WhiteFideId "13710427"]
[BlackFideId "1744780"]
[EventDate "2025.06.14"]
[EventType "team"]

1. Nf3 d5 2. g3 Nf6 3. Bg2 g6 4. O-O Bg7 5. d4 O-O 6. c3 c6 7. Re1 Ne4 8. Bf4
Nd7 9. Nbd2 Qb6 10. Nxe4 dxe4 11. Nd2 f5 12. Nc4 Qb5 13. Qb3 Kh8 14. f3 Nf6 15.
Ne5 Qxb3 16. axb3 Be6 17. b4 Nd5 18. e3 Nxf4 19. exf4 Bxe5 20. dxe5 exf3 21.
Bxf3 a6 22. Kf2 Rfd8 23. Ke3 Bc4 24. Red1 Kg7 25. Rd4 Rxd4 26. Kxd4 Be6 27. Kc5
Rd8 28. Rd1 Rxd1 29. Bxd1 Bd5 30. Kb6 g5 31. Kxb7 1-0

[Event "FIDE World Bl Team Pool D"]
[Site "London ENG"]
[Date "2025.06.14"]
[Round "2.2"]
[White "Frank, Anton"]
[Black "Makhnev, Denis"]
[Result "0-1"]
[WhiteTitle "CM"]
[BlackTitle "GM"]
[WhiteElo "2183"]
[BlackElo "2531"]
[WhiteTeam "Uppsala SSS"]
[BlackTeam "Barys.kz"]
[WhiteFideId "1752383"]
[BlackFideId "13707647"]
[EventDate "2025.06.14"]
[EventType "team"]

1. e4 e5 2. Nf3 Nc6 3. Bc4 Bc5 4. c3 Nf6 5. d3 a6 6. O-O d6 7. a4 Ba7 8. Re1 h6
9. Nbd2 g5 10. b4 g4 11. Nh4 Nxe4 12. Nxe4 Qxh4 13. Qb3 Qe7 14. d4 f5 15. Ng3
Bd7 16. dxe5 Nxe5 17. Bf4 O-O-O 18. b5 a5 19. Rab1 Bb6 20. Bd5 Kb8 21. Ne2 Rhe8
22. Nd4 Bxd4 23. cxd4 Qf6 24. dxe5 dxe5 25. Bd2 b6 26. Bc3 f4 27. Qc4 Qd6 28.
Rbd1 Bc8 29. Qc6 Qxc6 30. Bxc6 Rxd1 31. Rxd1 Re6 32. Rd8 Rd6 33. Rxd6 cxd6 34.
Kf1 Be6 35. g3 f3 36. Bd2 h5 37. Be8 Bb3 38. Bxh5 Bxa4 39. Be8 Kc7 40. Bc1 Bb3
41. Ke1 Bd5 42. Kd2 Kd8 43. Bc6 Bxc6 44. bxc6 Kc7 45. Kd3 d5 46. Bb2 e4+ 47. Kd4
Kxc6 48. Ke5 e3 49. Bd4 e2 50. Bc3 a4 51. Kd4 a3 52. Kd3 Kc5 53. Kd2 Kc4 54. Ba1
b5 0-1